logo

Bir Sreshtho Munshi Abdur Rouf Library
Jhenaidah Cadet College

Bangladesh, a select bibliography of English language periodical literature, 1971-1986 / (Record no. 8840)

MARC details
000 -LEADER
fixed length control field 00776nam a2200253 a 4500
001 - CONTROL NUMBER
JCCL Control Number 8840
003 - CONTROL NUMBER IDENTIFIER
JCCL marc code BD-JhCC
005 - DATE AND TIME OF LATEST TRANSACTION
control field 20180304182010.0
008 - FIXED-LENGTH DATA ELEMENTS--GENERAL INFORMATION
fixed length control field 180304s1986 bg b f001 0 eng d
035 ## - SYSTEM CONTROL NUMBER
system control number (BD-JhCC)8840
040 ## - CATALOGING SOURCE
Original cataloging agency LC
Transcribing agency LC
Modifying agency BD-JhCC
041 ## - LANGUAGE CODE
Language code of Book eng
050 00 - LIBRARY OF CONGRESS CALL NUMBER
Classification number Z3186
Item number .R33 1986
Classification number DS393.4
082 04 - DEWEY DECIMAL CLASSIFICATION NUMBER
Classification number 016.95492
DDC Edition number 20
Author mark and Year RAH 1986
100 1# - MAIN ENTRY--PERSONAL NAME
Personal name Rahim, Joyce L.
245 10 - TITLE STATEMENT
Title Bangladesh, a select bibliography of English language periodical literature, 1971-1986 /
Statement of responsibility, etc by Joyce L. Rahim and Enayetur Rahim.
260 ## - PUBLICATION, DISTRIBUTION, ETC. (IMPRINT)
Place of publication, distribution, etc Dhaka :
Name of publisher, distributor, etc Asiatic Society of Bangladesh,
Date of publication, distribution, etc 1986.
300 ## - PHYSICAL DESCRIPTION
Pagination xxxvii, 368 p. ;
Dimensions 25 cm.
500 ## - GENERAL NOTE
General note Includes indexes.
651 #0 - SUBJECT ADDED ENTRY--GEOGRAPHIC NAME
Geographic name Bangladesh
General subdivision Bibliography.
700 1# - ADDED ENTRY--PERSONAL NAME
Personal name Rahim, Enayetur.
942 ## - ADDED ENTRY ELEMENTS (KOHA)
Source of classification or shelving scheme Dewey Decimal Classification
Koha item type Books
Holdings
Source of classification or shelving scheme Damaged status Not for loan Home library Current library Shelving location Date of accession Cost, normal purchase price Total Checkouts Full call number Barcode Date last seen Copy number Koha item type
Dewey Decimal Classification     JCC Rouf Library JCC Rouf Library General Stacks 03/04/2018 300.00   016.95492 RAH 1986 11817 03/04/2018 C -1 Books

JCC Library | Contacts | JCC Home

Last Update on 23 September 2017
Copyright @ 2017-2020 JCC Rouf Library
Rouf Library, Jhenidah Cadet College (JCC), Bangladesh